| 000 | 00786nam a2200229 i 4500 | ||
|---|---|---|---|
| 001 | 172648 | ||
| 003 | ES-MaACL | ||
| 005 | 20250805062552.0 | ||
| 008 | 090806s1937 xxk |||| | eng d | ||
| 080 | _a355.01:159.922.4 | ||
| 100 | 1 |
_aWoolf, Leonard. _9117357 |
|
| 245 | 1 | 0 |
_aAfter the deluge _b: a study of communal psychology / _cby Leonard Woolf. |
| 260 |
_aHarmondsworth, Middlesex : _bPenguin Books Limited, _c1937. |
||
| 300 |
_aXVI, 278 p. ; _c18 cm. |
||
| 490 | 1 |
_aPelican books ; _vA18 |
|
| 500 | _aÍndices. | ||
| 650 | 0 | 4 |
_aGuerra- _xAspectos psicológicos. _9141146 |
| 650 | 4 |
_aPolítica- _xFilosofía _916274 |
|
| 830 | 0 |
_aPelican books ; _vA18 _9189094 |
|
| 852 | 4 |
_aES-MaACL _jE-12935 _9R.139333 _z. - Biblioteca Jacinto Martínez Lacalle |
|
| 999 |
_c172648 _d172648 |
||